000 00591nam a22001817a 4500
005 20250709103118.0
008 250709b |||||||| |||| 00| 0 eng d
020 _a978-1-111-82237-8
050 _aHF 5635 .W34 2013
100 _aWAHLEN, JAMES M.
245 _aINTERMEDIATE ACCOUNTING: REPORTING AND ANALYSIS
260 _aMASON, OH
_bSOUTH-WESTERN CENGAGE LEARNING
_c2013
300 _a 1 V. (VARIOUS PAGINGS) : ILL.
500 _aINCLUDES BIBLIOGRAPHICAL REFERENCES AND INDEX
650 _aACCOUNTING
700 _a1. JONES, JEFFERSON P. 2. PAGACH, DONALD P.
942 _2lcc
_cBK
999 _c215862
_d215862